<?xml version="1.0" encoding="UTF-8"?>
<record
    xmlns:xsi="http://www.w3.org/2001/XMLSchema-instance"
    xsi:schemaLocation="http://www.loc.gov/MARC21/slim http://www.loc.gov/standards/marcxml/schema/MARC21slim.xsd"
    xmlns="http://www.loc.gov/MARC21/slim">

  <leader>01777nam a2200505 i 4500</leader>
  <controlfield tag="001">23024</controlfield>
  <controlfield tag="003">KOSZ 005</controlfield>
  <controlfield tag="005">20200306160512.0</controlfield>
  <controlfield tag="008">981103s1985    pl     f     |000 0 pol d</controlfield>
  <datafield tag="015" ind1=" " ind2=" ">
    <subfield code="a">UWD 1986/3262</subfield>
  </datafield>
  <datafield tag="020" ind1=" " ind2=" ">
    <subfield code="a">8321401619</subfield>
  </datafield>
  <datafield tag="035" ind1=" " ind2=" ">
    <subfield code="a">991007626979705066</subfield>
  </datafield>
  <datafield tag="035" ind1=" " ind2=" ">
    <subfield code="a">(PL-WaBN)b11977073-48omnis_nlop</subfield>
  </datafield>
  <datafield tag="035" ind1=" " ind2=" ">
    <subfield code="a">b11977073</subfield>
  </datafield>
  <datafield tag="035" ind1=" " ind2=" ">
    <subfield code="a">(OCoLC)835894465</subfield>
  </datafield>
  <datafield tag="035" ind1=" " ind2=" ">
    <subfield code="a">(PL)b0000001197707</subfield>
  </datafield>
  <datafield tag="035" ind1=" " ind2=" ">
    <subfield code="a">(EXLNZ-48OMNIS_NETWORK)9910124640505606</subfield>
  </datafield>
  <datafield tag="040" ind1=" " ind2=" ">
    <subfield code="a">WA N</subfield>
    <subfield code="c">WA N</subfield>
    <subfield code="d">KOSZ 005/EG</subfield>
  </datafield>
  <datafield tag="041" ind1="0" ind2=" ">
    <subfield code="a">pol</subfield>
    <subfield code="h">srp</subfield>
    <subfield code="h">hrv</subfield>
  </datafield>
  <datafield tag="080" ind1=" " ind2=" ">
    <subfield code="a">811.163.4 </subfield>
  </datafield>
  <datafield tag="080" ind1=" " ind2=" ">
    <subfield code="a">811.162.1 </subfield>
  </datafield>
  <datafield tag="080" ind1=" " ind2=" ">
    <subfield code="a">(03)</subfield>
  </datafield>
  <datafield tag="100" ind1="1" ind2=" ">
    <subfield code="a">Wierzbicki, Jan</subfield>
    <subfield code="d">(1934-1996)</subfield>
    <subfield code="e">Autor</subfield>
  </datafield>
  <datafield tag="245" ind1="1" ind2="0">
    <subfield code="a">Ma&#x142;y s&#x142;ownik serbskochorwacko-polski, polsko-serbskochorwacki /</subfield>
    <subfield code="c">Jan Wierzbicki, Uglje&#x161;a Radnovi&#x107;, J&#xF3;zef Chlabicz.</subfield>
  </datafield>
  <datafield tag="246" ind1="1" ind2="5">
    <subfield code="a">Mali srpskohorvatsko-poljski, poljsko-srpskohorvatski re&#x10D;nik.</subfield>
  </datafield>
  <datafield tag="250" ind1=" " ind2=" ">
    <subfield code="a">[Wyd. 4].</subfield>
  </datafield>
  <datafield tag="260" ind1=" " ind2=" ">
    <subfield code="a">Warszawa :</subfield>
    <subfield code="b">"Wiedza Powszechna",</subfield>
    <subfield code="c">1985.</subfield>
  </datafield>
  <datafield tag="300" ind1=" " ind2=" ">
    <subfield code="a">XVI, 271 s., s. V-XVI, 208 ;</subfield>
    <subfield code="c">15 cm.</subfield>
  </datafield>
  <datafield tag="336" ind1=" " ind2=" ">
    <subfield code="2">rdacontent</subfield>
    <subfield code="a">Tekst</subfield>
    <subfield code="b">txt</subfield>
  </datafield>
  <datafield tag="337" ind1=" " ind2=" ">
    <subfield code="2">rdamedia</subfield>
    <subfield code="a">Bez urz&#x105;dzenia po&#x15B;rednicz&#x105;cego</subfield>
    <subfield code="b">n</subfield>
  </datafield>
  <datafield tag="338" ind1=" " ind2=" ">
    <subfield code="2">rdacarrier</subfield>
    <subfield code="a">Wolumin</subfield>
    <subfield code="b">nc</subfield>
  </datafield>
  <datafield tag="380" ind1=" " ind2=" ">
    <subfield code="a">Ksi&#x105;&#x17C;ki</subfield>
  </datafield>
  <datafield tag="388" ind1=" " ind2=" ">
    <subfield code="a">1901-2000</subfield>
  </datafield>
  <datafield tag="388" ind1=" " ind2=" ">
    <subfield code="a">1945-1989</subfield>
  </datafield>
  <datafield tag="655" ind1=" " ind2="7">
    <subfield code="a">S&#x142;ownik polsko-serbsko-chorwacki</subfield>
    <subfield code="2">DBN</subfield>
  </datafield>
  <datafield tag="655" ind1=" " ind2="7">
    <subfield code="a">S&#x142;ownik serbsko-chorwacko-polski</subfield>
    <subfield code="2">DBN</subfield>
  </datafield>
  <datafield tag="655" ind1=" " ind2="7">
    <subfield code="a">S&#x142;owniki </subfield>
  </datafield>
  <datafield tag="658" ind1=" " ind2=" ">
    <subfield code="a">J&#x119;zykoznawstwo</subfield>
  </datafield>
  <datafield tag="700" ind1="1" ind2=" ">
    <subfield code="a">Chlabicz, J&#xF3;zef</subfield>
    <subfield code="d">(1928-2018)</subfield>
    <subfield code="e">Autor</subfield>
  </datafield>
  <datafield tag="700" ind1="1" ind2=" ">
    <subfield code="a">Radnovi&#x107;, Ugle&#x161;a</subfield>
    <subfield code="e">Autor</subfield>
  </datafield>
  <datafield tag="710" ind1="2" ind2=" ">
    <subfield code="a">Pa&#x144;stwowe Wydawnictwo Wiedza Powszechna</subfield>
    <subfield code="4">pbl</subfield>
  </datafield>
  <datafield tag="856" ind1=" " ind2=" ">
    <subfield code="u">http://koha.tu.koszalin.pl/cgi-bin/koha/opac-detail.pl?biblionumber=23024</subfield>
    <subfield code="y">Katalog online BPK</subfield>
  </datafield>
  <datafield tag="942" ind1=" " ind2=" ">
    <subfield code="2">UKD</subfield>
    <subfield code="c">KS</subfield>
  </datafield>
  <datafield tag="999" ind1=" " ind2=" ">
    <subfield code="c">23024</subfield>
    <subfield code="d">23024</subfield>
  </datafield>
  <datafield tag="952" ind1=" " ind2=" ">
    <subfield code="0">0</subfield>
    <subfield code="1">0</subfield>
    <subfield code="4">0</subfield>
    <subfield code="7">1</subfield>
    <subfield code="a">BPK</subfield>
    <subfield code="b">BPK</subfield>
    <subfield code="c">c</subfield>
    <subfield code="o">33004</subfield>
    <subfield code="p">02056951</subfield>
    <subfield code="t">0/9(03) E.L</subfield>
    <subfield code="y">KS</subfield>
  </datafield>
  <datafield tag="952" ind1=" " ind2=" ">
    <subfield code="0">0</subfield>
    <subfield code="1">0</subfield>
    <subfield code="4">0</subfield>
    <subfield code="7">0</subfield>
    <subfield code="a">BPK</subfield>
    <subfield code="b">BPK</subfield>
    <subfield code="c">w</subfield>
    <subfield code="o">33005</subfield>
    <subfield code="p">01578218</subfield>
    <subfield code="y">KS</subfield>
  </datafield>
</record>
